000 00237nam a2200097Ia 4500
001 715239
005 20250826162920.0
008 250824s9999 xx 000 0 und d
245 0 _aGURBET KUŞLARI
_cORHAN KEMAL
260 _bEVEREST YAYINLARI
999 _c715239
_d715239